000 00469nam a2200169Ia 4500
999 _c27456
_d27456
003 OSt
005 20201204100054.0
008 190216s9999||||xx |||||||||||||| ||und||
040 _coclc
082 _a894.8123
_bCHA/P
100 _aChandran, D Vinaya
_97183
245 0 _aPodichi /
_cD Vinaya Chandran
260 _bPoorna Pubs,
_c1980.
_a Kozhikode:
300 _a58p
650 _aNovel
942 _cBK
_2ddc
_h894.8123
_iCHA/P
_k894.8123
_mCHA/P